この応援歌さわん?ひだりうで? - Statistics

General Stats
  • This quiz has been taken 18 times
  • The average score is 7 of 9
Answer Stats
Question Answer % Correct
黄金"左腕"がうなる 強打者封じろ工藤 強気の勝負で 頼んだぞ工藤 さわん
100%
"左腕"エース目指して 群がる敵をなで切り みんなで掴めビクトリー 魂込めて尚成 さわん
100%
石井秘めるパワー 燃える闘志光る素材 石井磨け"左腕" 飛べよ期待のサウスポー さわん
88%
"左腕"の系譜 受け継ぎ挑む この仲間と共に 夢の舞台へ さわん
88%
燃える静かな闘志 向かう気持ち高ぶる 振り下ろす"左腕" その球で打ち取れ ひだりうで
71%
気迫火の玉 "左腕"がしなる 大空にスパイク 光らせてぶん投げろ さわん
71%
"左腕"を振り下ろせば 光る速い球が ベースの上通りすぎて 凄いほど決まる ひだりうで
59%
今日も白星稼ぐぞ "左腕"都 さわん
59%
燃え広がれこのスタジアム いっぱいに その"左腕"が放つ 栄光の炎よ ひだりうで
47%
No matching quizzes found
Score Distribution
Percent of People with Each Score
Percentile by Number Answered
Your Score History
You have not taken this quiz